| 000 | 00780nam a22002057a 4500 | ||
|---|---|---|---|
| 005 | 20100802164816.0 | ||
| 010 | _aENG-97706 | ||
| 020 |
_a9788178311814 _c450.00 |
||
| 035 | _aEN-81239 | ||
| 037 | _bDBAD/PUB | ||
| 082 | _a320.954 | ||
| 100 |
_aRoy, Himanshu _94618 |
||
| 245 |
_aSecularism and its colonial legacy in India / _cby Himanshu Roy |
||
| 260 |
_aNew Delhi _bManak Publications _c2009 |
||
| 270 |
_aB-7, Saraswati Complex, Subhash Chowk, Laxmi Nagar _bNew Delhi _e110092 |
||
| 300 |
_axiv,137p. _c23cm (Hb) |
||
| 500 | _aIncludes bibliographical references and index | ||
| 942 |
_2ddc _cEN _h320.954 _mROY |
||
| 999 |
_c38813 _d38813 |
||